000 00952nam a2200253Ia 4500
003 OSt
005 20220923224914.0
006 a|||||r|||| 00| 0
007 ta
008 220922b |||||||| |||| 00| 0 hin d
024 _a253,517
037 _cTextual
040 _aARTS
_cARTS
_bhin
041 _2hin
_ahin
082 _aO152,4M80x, P5
100 _aमंगलमूर्त्ति, संपा.
245 0 _aप्रेमचंद पत्रों में
246 _aPremachanda patroan mean
260 _aनई दिल्ली
_b अनामिका पब्लिशर्स एंड डिस्ट्रीब्यूटर्स प्रा. लिमिटेड
_c2005
300 _a232पृ.
_ccm.
650 _aहिन्दी साहित्य
_9156264
942 _hO152,4M80x, P5
_cTEXL
_2CC
999 _c374583
_d374583